All First Nations of Canada - Statistics

General Stats
  • This quiz has been taken 14 times
  • The average score is 17 of 622
Answer Stats
Province/Territory Approximate Population First Nation % Correct
BC 3,893 Squamish
44%
ON 323 Alderville
22%
NB 977 Eel Ground
22%
AB 1,690 Enoch Cree
22%
AB 3,391 Frog Lake
22%
AB 12,973 Kainai
22%
PE 308 Lennox Island
22%
ON 389 Mississauga
22%
BC 1,656 Musqueam
22%
BC 1,185 Nuxalk
22%
NL 25,182 Qalipu Mi'kmaq
22%
AB 9,934 Saddle Lake Cree
22%
BC 702 Ucluelet
22%
PE 402 Abegweit
11%
NS 1,511 Acadia
11%
AB 1,909 Alexander
11%
NS 321 Annapolis Valley
11%
AB 1,303 Athabasca Chipewya
11%
ON 1,549 Attawapiskat
11%
MB 1,195 Barren Lands
11%
NS 382 Bear River
11%
AB 1,147 Beaver
11%
MB 3,546 Berens River
11%
MB 643 Birdtail Sioux Dakota
11%
MB 980 Black River
11%
MB 1,918 Bloodvein
11%
BC 75 Boston Bar
11%
MB 2,112 Brokenhead Ojibway
11%
NB 96 Buctouche
11%
MB 133 Buffalo Point
11%
MB 347 Canupawakpa Dakota
11%
BC 512 Cheam
11%
MB 1,200 Chemawawin
11%
ON 998 Chippewas of Rama
11%
QC 2,317 Conseil de la Nation Anishnabe du Lac Simon
11%
QC 4,171 Conseil des Innus de Pessamit
11%
QC 1,277 Conseil des Innus d'Unamen Shipu
11%
SK 1,749 Cumberland House Cree
11%
ON 1,003 Curve Lake
11%
MB 368 Dakota Tipi
11%
NB 3,574 Elsipogtog
11%
NB 1,715 Esgenoôpetitj
11%
NS 4,675 Eskasoni Mi'Kmaw
11%
NB 158 Fort Folly
11%
AB 893 Fort McKay
11%
ON 1,798 Fort William
11%
MB 2,543 Fox Lake Cree
11%
NS 424 Glooscap
11%
MB 982 God's Lake
11%
BC 2,023 Haisla
11%
ON 362 Hiawatha
11%
MB 2,036 Hollow Water
11%
NB 138 Indian Island
11%
QC 5,027 Innu Takuiakan Uashat Mak Mani-Utenam
11%
BC 563 Katzie
11%
MB 806 Kinonjeoshtegon
11%
QC 4,037 Kitigan Zibi Anishinabeg
11%
BC 330 K'ómoks
11%
BC 3,665 Kwakwa̱ka̱'wakw
11%
MB 899 Lake Manitoba
11%
QC 1,060 La Nation Innu Matimekush-Lac John
11%
QC 1,811 La Nation Micmac de Gespeg
11%
QC 4,336 Listuguj Mi'gmaq Government
11%
MB 1,753 Little Grand Rapids
11%
BC 350 Malahat
11%
MB 728 Marcel Colomb
11%
MB 2,223 Mathias Colomb Cree
11%
BC 266 Matsqui
11%
NS 1,025 Membertou
11%
NL 836 Miawpukek
11%
QC 1,669 Micmacs of Gesgapegiag
11%
ON 1,402 Mishkeegogamang Ojibway
11%
MB 716 Misipawistik
11%
QC 1,277 Montagnais de Pakua Shipi
11%
ON 4,440 Moose Cree
11%
SK 1,828 Muskoday
11%
ON 387 Muskrat Dam
11%
QC 811 Naskapi Nation of Kawawachikamach
11%
ON 130 Nigigoonsiminikaaning
11%
MB 5,205 Nisichawayasihk
11%
MB 1,150 Northlands Denesuline
11%
MB 5,132 Norway House
11%
BC 2,250 Okanagan
11%
BC 555 Old Massett
11%
ON 6,108 Oneida Nation of the Thames
11%
MB 2,514 Opaskwayak Cree
11%
MB 1,601 O-Pipon-Na-Piwin Cree
11%
NB 723 Oromocto
11%
NB 370 Pabineau
11%
NS 598 Paq'tnkek Mi'kmaw
11%
AB 2,176 Paul
11%
MB 11,438 Peguis
11%
SK 1,555 Pelican Lake
11%
BC 1,165 Pentiction
11%
NS 665 Pictou Landing
11%
MB 9,143 Pimicikamak
11%
MB 3,545 Pine Creek
11%
MB 1,941 Poplar River
11%
NS 715 Potlotek
11%
QC 1,274 Première Nation des Innus de Nutashkuan
11%
BC 15 Qayqayt
11%
BC 128 Qualicum
11%
SK 1,892 Red Earth Cree
11%
ON 443 Sachigo Lake
11%
MB 8,208 Sagkeeng
11%
MB 2,206 Sapotaweyak Cree
11%
BC 355 Saulteau
11%
MB 1,019 Shamattawa
11%
BC 765 Shíshálh
11%
ON 683 Shoal Lake
11%
SK 1,119 Shoal Lake Cree
11%
NS 3,101 Sipekne'katik
11%
BC 837 Skidegate
11%
NB 1,822 St. Mary's
11%
AB 2,090 Stoney Nakoda
11%
BC 525 Sts'ailes
11%
MB 3,262 St. Theresa Point
11%
BC 332 Sumas
11%
MB 1,461 Swan Lake
11%
AB 1,450 Swan River
11%
MB 3,711 Tataskweyak
11%
ON 642 Taykwa Tagamou
11%
NB 1,948 Tobique
11%
BC 491 Tsawwassen
11%
BC 615 Tsleil-Waututh
11%
NS 537 Wagmatcook
11%
ON 4,315 Walpole Island
11%
MB 2,017 Wasagamack
11%
MB 1,461 Waywayseecappo
11%
NS 1,038 We'koqma'q
11%
BC 855 Westbank
11%
ON 2,592 Wiikwemkoong
11%
QC 286 Wolf Lake
11%
NB 1,105 Woodstock
11%
BC 202 Yale
11%
MB 443 York Factory
11%
ON 2,502 Aamjiwnaang
0%
NT 708 Acho Dené Koe
0%
BC 848 Adams Lake
0%
BC 2,224 Ahousaht
0%
SK 3,670 Ahtahkakoop Cree
0%
BC 40 Aichelitz
0%
BC 175 ɁAk'am
0%
BC 379 ɁAksiq̓nuk
0%
AB 2,036 Alexis Nakota Sioux
0%
QC 791 Algonquins of Barriere Lake
0%
ON 432 Algonquins of Pikwàkanagàn
0%
ON 526 Animakee Wa Zhing
0%
ON 482 Animbiigoo Zaagi'igan Anishinaabek
0%
ON 459 Anishnaabeg of Naongashiing
0%
ON 270 Apitipi Anicinapek
0%
ON 355 Aroland
0%
BC 403 Ashcroft
0%
ON 1,594 Asubpeeschoseewagong Netum Anishinabek
0%
AB 1,292 Atikameksheng Anishnawbek
0%
ON 1,219 Atikameksheng Anishnawbek
0%
QC 3,190 Atikamekw d'Opitciwan
0%
ON 365 Aundeck-Omni-Kaning
0%
ON 3,323 Batchewana
0%
SK 3,538 Beardy's and Okemasis' Cree
0%
ON 459 Bearskin Lake
0%
ON 2,515 Beausoleil
0%
ON 285 Beaverhouse
0%
AB 1,210 Beaver Lake Cree
0%
NT 1,874 Bechchokǫ̀
0%
NT 262 Behdzi Ahda'
0%
ON 249 Big Grassy River
0%
SK 1,266 Big Island Lake
0%
SK 3,618 Big River
0%
AB 8,516 Bigstone Cree
0%
ON 395 Biigtigong Nishnaabeg
0%
ON 678 Biinjitiwaabik Zaaging Anishinaabek
0%
BC 217 Binche Whut'en
0%
ON 358 Bingwi Neyaashi Anishinaabek
0%
SK 833 Birch Narrows Dené
0%
SK 2,255 Black Lake Denesuline
0%
BC 197 Blueberry River
0%
BC 887 Bonaparte
0%
BC 326 Boothroyd
0%
ON 639 Brunswick House
0%
SK 1,499 Buffalo River Dené
0%
MB 3,242 Bunibonibee
0%
ON 463 Caldwell
0%
SK 912 Canoe Lake
0%
YK 708 Carcross/Tagish
0%
SK 2,921 Carry the Kettle Nakoda
0%
ON 651 Cat Lake
0%
YK 1,212 Champagne and Aishihik
0%
ON 562 Chapleau Cree
0%
ON 39 Chapleau Ojibwe
0%
BC 654 Chawathil
0%
BC 340 Cheslatta
0%
AB 1,780 Chiniki
0%
AB 971 Chipewyan Prairie
0%
ON 923 Chippewas of Georgina Island
0%
ON 936 Chippewas of Kettle and Stony Point
0%
ON 2,682 Chippewas of Nawash
0%
ON 2,738 Chippewas of Thames
0%
SK 2,309 Clearwater River Dené
0%
AB 1,332 Cold Lake
0%
BC 818 Coldwater
0%
QC 554 Communauté Anicinape de Kitcisakik
0%
QC 1,101 Conseil de la Première Nation Abitibiwinni
0%
QC 1,987 Conseil de la Première Nation Innus Essipit
0%
QC 3,008 Conseil des Abénakis d'Odanak
0%
QC 3,081 Conseil des Atikamekw de Manawan
0%
QC 2,108 Conseil des Atikamekw de Wemotaci
0%
QC 728 Conseil des Innu de Ekuanitshit
0%
ON 1,782 Constance Lake
0%
BC 379 Cook's Ferry
0%
SK 4,061 Cote
0%
ON 941 Couchiching
0%
SK 4,925 Cowessess
0%
QC 2,347 Cree First Nation of Waswanipi
0%
QC 4,813 Cree Nation of Chisasibi
0%
QC 969 Cree Nation of Eastmain
0%
QC 4,233 Cree Nation of Mistissini
0%
QC 846 Cree Nation of Nemaska
0%
QC 2,889 Cree Nation of Waskaganish
0%
QC 1,654 Cree Nation of Wemindji
0%
MB 251 Dakota Plains Wahpeton
0%
BC 225 Da'naxda'xw
0%
MB 391 Dauphin River
0%
BC 311 Daylu Dena
0%
SK 530 Day Star
0%
BC 162 Dease River
0%
ON 763 Deer Lake
0%
NT 1,106 Deh Gáh Got'ı̨ę Dené
0%
NT 573 Délı̨nę Got’ı̨nę
0%
AB 2,402 Dené Tha'
0%
NT 974 Deninu K'ue
0%
BC 775 Ditidaht
0%
BC 335 Doig River
0%
ON 201 Dokis
0%
AB 963 Driftpile
0%
AB 328 Duncan's
0%
BC 580 Dzawada'enuxw
0%
ON 1,014 Eabametoong
0%
ON 227 Eagle Lake
0%
MB 3,268 Ebb and Flow
0%
ON 1,111 Eelünaapéewi Lahkéewiit
0%
BC 539 Ehattesaht
0%
NT 780 Ehdiitat Gwich'in
0%
SK 1,625 English River
0%
AB 4,879 Ermineskin Cree
0%
BC 204 ɁEsdilagh
0%
BC 1,166 Esk'etemc
0%
BC 331 Esquimault
0%
MB 3,879 Fisher Lake Cree
0%
SK 1,842 Fishing Lake
0%
SK 1,529 Flying Dust
0%
ON 73 Flying Post
0%
SK 2,128 Fond du Lac Dené
0%
ON 2,031 Fort Albany
0%
AB 870 Fort McMurray
0%
BC 996 Fort Nelson
0%
ON 361 Fort Severn
0%
MB 334 Gambler
0%
NT 319 Gamètì
0%
MB 3,054 Garden Hill
0%
ON 1,107 Garden River
0%
SK 3,752 George Gordon
0%
BC 438 Ging̱olx
0%
ON 167 Ginoogaming
0%
BC 630 Gitanmaax
0%
BC 755 Gitanyow
0%
BC 165 Gitga'at
0%
BC 806 Gitlaxt'aamix
0%
BC 914 Gitsegukla
0%
BC 1,303 Gitwangak
0%
BC 250 Gitwinksihlkw
0%
BC 2,094 Gitxaała
0%
AB 1,841 Goodstoney
0%
SK 67 Grizzly Bear's Head and Lean Man
0%
ON 210 Gull Bay
0%
BC 425 Gwa'sala-Nakwaxda'xw
0%
BC 39 Gwawaenuk
0%
NT 483 Gwichya Gwich'in
0%
BC 798 Hagwilget
0%
BC 212 Halalt
0%
BC 317 Halfway River
0%
SK 1,913 Hatchet Lake Dené
0%
AB 363 Heart Lake
0%
BC 2,494 Heiltsuk
0%
BC 97 Hesquiaht
0%
BC 201 High Bar
0%
BC 450 Homalco
0%
AB 1,238 Horse Lake
0%
BC 291 Hupacasath
0%
BC 922 Huu-ay-aht
0%
ON 585 Iskatewizaagegan
0%
BC 478 Iskut
0%
SK 1,139 Island Lake
0%
SK 2,412 James Smith Cree
0%
NT 51 Ka'a'gee
0%
SK 2,105 Kahkewistahaw
0%
BC 237 Kanaka Bar
0%
AB 130 Kapawe'no
0%
ON 914 Kasabonika Lake
0%
ON 2,537 Kashechewan Cree
0%
NT 759 K'asho Got'ine
0%
NT 259 K'atlodeechee
0%
SK 3,250 Kawacatoose
0%
BC 180 Ka'yu:'k't'h'/Che:k:tles7et'h'
0%
QC 288 Kebaowek
0%
SK 2,525 Keeseekoose
0%
MB 61 Keeseekoowenin
0%
ON 340 Kee-Way-Win
0%
AB 2,305 Kehewin Cree
0%
ON 548 Kingfisher Lake
0%
NB 981 Kingsclear
0%
SK 1,089 Kinistin Salteaux
0%
BC 645 Kispiox
0%
BC 493 Kitazoo/Xai'xais
0%
ON 1,332 Kitchenuhmaykoosib Inninuwug
0%
BC 699 Kitselas
0%
BC 655 Kitsumkalum
0%
BC 75 Klahoose
0%
YK 81 Kluane
0%
BC 339 Kwadacha
0%
YK 1,024 Kwalin Dün
0%
BC 400 Kwantlen
0%
BC 580 Kwaw-kwaw-a-pilt
0%
BC 21 Kwiakah
0%
BC 302 Kwikwasut'inuxw Haxawa'mis
0%
BC 123 Kwikwetlam
0%
ON 579 Lac Des Mille Lacs
0%
ON 192 Lac La Croix
0%
SK 11,177 Lac La Ronge
0%
ON 3,452 Lac Seul
0%
BC 2,511 Lake Babine
0%
MB 2,884 Lake St. Martin
0%
BC 248 Lax̱g̱alts'ap
0%
BC 4,119 Lax Kw'aalams
0%
BC 125 Leq'á:mel
0%
BC 392 Lheidli T'enneh
0%
BC 233 Lhoosk'uz Dené
0%
BC 191 Lhtako Dené
0%
YK 1,379 Liard
0%
NT 1,363 Łı́ı́dlı̨ı̨ Kų́ę́
0%
BC 2,258 Lil'wat
0%
SK 592 Little Black Bear
0%
SK 2,174 Little Pine
0%
AB 5,942 Little Red River Cree
0%
YK 511 Little Salmon/Carmacks
0%
MB 627 Little Saskatchewan
0%
BC 347 Little Shuswap Lake
0%
ON 1,248 Long Lake
0%
MB 4,510 Long Plain
0%
QC 970 Long Point
0%
AB 668 Loon River
0%
AB 1,177 Louis Bull
0%
BC 606 Lower Kootenay
0%
BC 1,419 Lower Nicola
0%
BC 500 Lower Similkameen
0%
AB 715 Lubicon Lake
0%
SK 115 Lucky Man Cree
0%
NT 817 Łutsël K'é Den
0%
BC 196 Lyackson
0%
BC 570 Lytton
0%
NB 180 Madawaska Mallseet
0%
ON 93 Magnetawan
0%
SK 1,815 Makwa Sahgaiehcan
0%
BC 411 Mamalilikuta
0%
MB 550 Manto Sipi Cree
0%
ON 252 Marten Falls
0%
ON 268 Matachewan
0%
ON 706 Mattagami
0%
ON 52 McDowell Lake
0%
ON 939 M'Chigeeng
0%
BC 618 McLeod Lake
0%
NB 551 Metapenagiag Mi'kmaq
0%
BC 794 Metlakatla
0%
ON 1,383 Michipicoten
0%
AB 3,173 Mikisew Cree
0%
NS 907 Millbrook
0%
ON 496 Missanabie Creek
0%
ON 131 Mississaugas of Scugog Island
0%
ON 655 Mississaugas of the Credit
0%
SK 2,171 Mistawasis Nêhiyawak
0%
ON 180 Mitaanjigamiig
0%
ON 13,114 Mohawk Council of Akwesasne
0%
QC 11,662 Mohawk Council of Kahnawá:ke
0%
QC 3,042 Mohawk Council of Kanesatake
0%
ON 9,854 Mohawks of the Bay of Quinte
0%
AB 630 Montana
0%
SK 3,678 Montreal Lake Cree
0%
ON 451 Moose Deer Point
0%
SK 2,657 Moosomin
0%
MB 2,264 Mosakahiken
0%
SK 478 Mosquito
0%
BC 613 Mowachaht/Muchalaht
0%
ON 524 Munsee-Delaware
0%
SK 1,475 Muscowpetung Salteaux
0%
NL 1,072 Mushuau Innu
0%
SK 2,450 Muskeg Lake Cree
0%
SK 1,963 Muskowekwan
0%
YK 435 Na-Cho Nyäk Dun
0%
BC 562 Nadleh Whut'en
0%
NT 141 Nahɂą Dehé Dené
0%
ON 375 Naicatchewenin
0%
BC 1,977 Nak'azdli Whut'en
0%
BC 573 Namgis
0%
BC 268 Nanoose
0%
ON 1,298 Naotkamegwanning
0%
QC 5,036 Nation Huronne Wendat
0%
BC 432 Nazko
0%
BC 152 Nee-Tahi-Buhn
0%
SK 542 Nekaneet Cree
0%
ON 237 Neskantaga
0%
BC 601 Neskonlith
0%
ON 1,064 Netmizaaggamig Nishaabeg
0%
ON 381 Nibinamik
0%
BC 133 Nicomen
0%
NT 1,860 Nihtat Gwich'in
0%
ON 487 Niisaachewan Anisinaabe
0%
ON 3,141 Nipissing
0%
BC 235 Nooaitch
0%
ON 928 North Caribou Lake
0%
ON 263 North Spirit Lake
0%
ON 438 Northwest Angle
0%
BC 376 N'Quatqua
0%
BC 165 Nuchatlaht
0%
ON 130 Obashkaandagaang
0%
SK 561 Ocean Man
0%
SK 1,890 Ochapowace
0%
MB 415 O-Chi-Chak-Ko-Sipi
0%
AB 1,453 O'Chiese
0%
ON 493 Ochiichagwe'Babigo'Ining Ojibway
0%
ON 100 Ojibway Nation of Saugeen
0%
ON 365 Ojibways of Onigaming
0%
SK 735 Okanese
0%
SK 2,183 One Arrow
0%
SK 6,475 Onion Lake Cree
0%
BC 74 Oregon Jack Creek
0%
BC 599 Osoyoos
0%
QC 803 Oujé-Bougoumou Cree
0%
BC 290 Pacheedaht
0%
SK 2,432 Pasqua
0%
MB 691 Pauingassi
0%
BC 330 Pauquachin
0%
ON 75 Pays Plat
0%
ON 240 Peawanuck
0%
SK 3,148 Peepeekisis
0%
AB 970 Peerless Trout
0%
NT 110 Pehdzeh Ki
0%
BC 1,031 Penelakut
0%
SK 11,237 Peter Ballantyne Cree
0%
BC 66 Peters
0%
SK 459 Pheasant Rump Nakota
0%
SK 2,551 Piapot
0%
AB 3,638 Piikani
0%
ON 2,443 Pikangikum
0%
MB 2,182 Pinaymootang
0%
BC 14 Popkum
0%
ON 473 Poplar Hill
0%
SK 1,281 Poundmaker Cree
0%
QC 10,564 Première Nation des Pekuakamiulnuatsh
0%
QC 1,028 Première Nation de Whapmagoostui
0%
QC 1,962 Première Nation Wolastoqiyik Wahsipekuk
0%
BC 297 Prophet River
0%
BC 601 Quatsino
0%
ON 1,313 Rainy River
0%
SK 2,536 Red Pheasant
0%
ON 1,837 Red Rock
0%
MB 1,178 Red Sucker Lake
0%
MB 1,118 Rolling River
0%
MB 2,003 Roseau River Anishinabe
0%
YK 483 Ross River Dena
0%
ON 1,036 Sagamok Anishnawbek
0%
BC 983 Saik'uz
0%
SK 1,225 Salteaux
0%
NT 1,023 Salt River
0%
BC 375 Samahquam
0%
NT 97 Sambaa K'e
0%
AB 9,143 Samson Cree
0%
MB 7,055 Sandy Bay Ojibway
0%
ON 2,474 Sandy Lake
0%
ON 1,041 Saugeen
0%
AB 521 Sawridge
0%
MB 315 Sayisi Dené
0%
BC 270 Scia'new
0%
BC 1,081 Seabird Island
0%
ON 271 Seine River
0%
BC 211 Sekw'el'was
0%
YK 671 Selkirk
0%
BC 74 Semiahmoo
0%
ON 1,621 Serpent River
0%
BC 135 Shackan
0%
ON 608 Shawanaga
0%
ON 344 Sheguiandah
0%
NL 1,225 Sheshatshiu
0%
ON 118 Sheshegwaning
0%
BC 368 Shuswap
0%
BC 487 Shxwhá:y
0%
BC 200 Shxw'ow'hamel
0%
BC 423 Sik-E-Dakh
0%
AB 7,783 Siksika
0%
BC 724 Simpcw
0%
MB 2,422 Sioux Valley Dakota
0%
BC 706 Siska
0%
BC 414 Skatin
0%
BC 75 Skawahlook
0%
BC 570 Skeetchestn
0%
BC 134 Skin Tyee
0%
BC 285 Skowkale
0%
MB 1,464 Skownan
0%
BC 144 Skuppah
0%
BC 479 Skwah
0%
ON 186 Slate Falls
0%
NT 367 Smith's Landing
0%
BC 1,663 Snuneymuxw
0%
BC 617 Songhees
0%
BC 273 Soowahlie
0%
BC 955 Splatsin
0%
BC 438 Spuzzem
0%
BC 295 Sq'ewlets
0%
BC 225 Squiala
0%
SK 1,308 Standing Buffalo Dakota
0%
SK 725 Star Blanket Cree
0%
BC 549 Stellat'en
0%
BC 185 Stswecem'c Xgat'em
0%
SK 2,188 Sturgeon Lake
0%
AB 3,466 Sturgeon Lake Cree
0%
BC 1,300 Stz'uminus
0%
AB 2,099 Sucker Creek
0%
AB 1,410 Sunchild
0%
SK 2,051 Sweetgrass
0%
YK 132 Ta'an Kwäch'än
0%
BC 4,750 Tahltan
0%
BC 650 Takla
0%
BC 389 Taku River Tlingit
0%
AB 224 Tallcree
0%
NT 655 Teetl'it Gwich'in
0%
ON 140 Temagami
0%
YK 801 Teslin Tlingit
0%
SK 1,407 The Key
0%
ON 732 Thessalon
0%
SK 1,868 Thunderchild
0%
QC 2,849 Timiskaming
0%
BC 485 T'it'q'et
0%
BC 1,517 Tk'emlúps te Secwe̓pemc
0%
BC 1,102 Tla'amin
0%
BC 1,231 Tla-o-qui-aht
0%
BC 65 Tlatlasikwala
0%
BC 1,711 Tl'azt'en
0%
BC 465 Tl'esqox
0%
BC 708 Tl'etinqox-t'in
0%
BC 430 Tlowitsis
0%
BC 211 Tobacco Plains
0%
MB 1,610 Tootinaowaziibeeng Treaty
0%
BC 175 Toquaht
0%
YK 865 Tr'ondëk Hwëch'in
0%
BC 722 Tsal'ah
0%
BC 766 Tsartlip
0%
BC 1,685 Tsawout
0%
BC 530 Tsay Keh Dené
0%
BC 1,247 Tseshaht
0%
BC 30 Tsetsaut/Skii Km Lax Ha
0%
BC 166 Tseycum
0%
BC 682 Tŝideldel
0%
BC 147 Ts'il Kaz Koh
0%
BC 570 Ts'kw'aylaxw
0%
BC 313 T'Sou-Ke
0%
BC 608 Tsq̓éscen̓
0%
BC 33 Ts'uubaa'asatx
0%
AB 2,052 Tsuu T'ina
0%
NT 159 Tthets'éhk'edélî
0%
NT 396 Tulita Dené
0%
BC 616 Tzeachten
0%
BC 228 Uchucklesaht
0%
BC 1,056 Ulkatcho
0%
BC 167 Union Bar
0%
BC 980 Upper Nicola
0%
BC 200 Upper Similkameen
0%
YK 7,516 Vuntut Gwitchin
0%
QC 697 W8linak
0%
ON 832 Wabaseemoong
0%
ON 349 Wabauskang
0%
ON 160 Wabigoon Lake Ojibway
0%
ON 102 Wahnapitae
0%
SK 428 Wahpeton Dakota
0%
ON 244 Wahta Mohawks
0%
ON 363 Wapekeka
0%
MB 268 War Lake
0%
ON 1,138 Wasauksing
0%
SK 2,053 Waterhen Lake
0%
ON 802 Wauzhushk Onigum
0%
ON 21 Wawakapewin
0%
ON 1,320 Webequie
0%
BC 850 Wei Wai Kum
0%
NT 129 Wekweètì
0%
BC 358 West Moberly
0%
NT 75 West Point
0%
BC 256 Wet'suwet'en
0%
BC 1,118 We Wai Kai
0%
NT 497 Whatì
0%
BC 211 Whispering Pines/Clinton
0%
SK 2,805 White Bear
0%
ON 487 Whitefish River
0%
YK 137 White River
0%
ON 1,311 Whitesand
0%
BC 856 Williams Lake
0%
SK 340 Witchekan Lake
0%
BC 2,055 Witset
0%
AB 1,176 Woodland Cree
0%
SK 305 Wood Mountain Dakota Sioux
0%
BC 288 Wuikinuxv
0%
ON 707 Wunnumin Lake
0%
MB 139 Wuskwi Sipihk
0%
BC 459 Xat'śūll
0%
BC 1,004 Xaxli'p
0%
BC 382 Xax'Xtsa
0%
BC 405 Xeni Gwet'in
0%
BC 496 Xwísten
0%
BC 78 Yakweakwioose
0%
BC 236 Yekooche
0%
NT 1,617 Yellowknives Dené
0%
SK 2,522 Yellow Quill
0%
BC 493 Yunesit'in
0%
SK 1,783 Zagime Anishinabek
0%
ON 55 Zhiibaahaasing
0%
No matching quizzes found
Score Distribution
Percent of People with Each Score
Percentile by Number Answered
Your Score History
You have not taken this quiz